|
|
|
|
| LEADER |
00000nab a2200000 ar4500 |
| 001 |
vtls009008146 |
| 003 |
SK-MaSNL |
| 005 |
20260303065509.0 |
| 008 |
070721c19760429xo mr|p|||||||000 b|slo |
| 015 |
|
|
|a SNKBUCL2007/07
|2 snkbucl
|
| 038 |
|
|
|a SNKBUCL
|
| 040 |
|
|
|a SNKBUCL
|b slo
|c SNKBUCL
|e AACR2
|
| 041 |
0 |
|
|a slo
|
| 044 |
|
|
|a xo
|c SK
|
| 080 |
|
|
|a 796.966
|x (437)
|2 2001
|
| 245 |
0 |
0 |
|a Rad republiky hokejistom
|b súdruh G. Husák prijal majstrov sveta)
|c [autor] (č)
|
| 648 |
|
7 |
|a 1976
|2 snkbucl
|9 279488
|
| 650 |
0 |
7 |
|a ľadový hokej
|2 snkbucl
|9 3231
|
| 650 |
0 |
7 |
|a hokejisti
|2 snkbucl
|9 3233
|
| 650 |
0 |
7 |
|a prijatie u prezidenta
|2 snkbucl
|9 1065628
|
| 773 |
0 |
|
|t Smer
|g (29.4.1976), s. 1
|
| 852 |
|
|
|a SNK
|b KIS3GCP
|
| 999 |
|
|
|c 1751419
|d 1753349
|